Gender relations and women's images in the media / (Record no. 12720)
[ view plain ]
| 000 -LEADER | |
|---|---|
| fixed length control field | 00690cam a22002172 4500 |
| 001 - CONTROL NUMBER | |
| control field | 0000002578 |
| 005 - DATE AND TIME OF LATEST TRANSACTION | |
| control field | 20151217155816.0 |
| 008 - FIXED-LENGTH DATA ELEMENTS--GENERAL INFORMATION | |
| fixed length control field | 070416s xx 000 0 eng d |
| 020 ## - INTERNATIONAL STANDARD BOOK NUMBER | |
| International Standard Book Number | 9976602855 : |
| Terms of availability | GBP 22.50 |
| 040 ## - CATALOGING SOURCE | |
| Original cataloging agency | KABU |
| Transcribing agency | KABU |
| 050 #0 - LIBRARY OF CONGRESS CALL NUMBER | |
| Classification number | P94.5 |
| Item number | .W65G46 |
| 245 10 - TITLE STATEMENT | |
| Title | Gender relations and women's images in the media / |
| Statement of responsibility, etc. | Mbilinyi, D.A.S & Omari, C. K, [eds]. |
| 260 ## - PUBLICATION, DISTRIBUTION, ETC. (IMPRINT) | |
| Place of publication, distribution, etc. | Dar-es-Salaam : |
| Name of publisher, distributor, etc. | University Press, |
| Date of publication, distribution, etc. | 1996. |
| 300 ## - PHYSICAL DESCRIPTION | |
| Extent | xiv, 223 p. |
| 650 #0 - SUBJECT ADDED ENTRY--TOPICAL TERM | |
| Topical term or geographic name as entry element | Women and mass media. |
| -- | 0000151981 |
| 700 1# - ADDED ENTRY--PERSONAL NAME | |
| Personal name | Mbilinyi, D. A. |
| -- | 0000151982 |
| 700 1# - ADDED ENTRY--PERSONAL NAME | |
| Personal name | Omari, C. K. |
| -- | 0000151176 |
| 908 ## - PUT COMMAND PARAMETER (RLIN) | |
| Put command parameter | 070416 |
| 950 ## - LOCAL HOLDINGS (RLIN) | |
| -- | 1 |
| Withdrawn status | Lost status | Source of classification or shelving scheme | Not for loan | Home library | Current library | Date acquired | Total Checkouts | Full call number | Barcode | Date last seen | Price effective from | Koha item type |
|---|---|---|---|---|---|---|---|---|---|---|---|---|
| Library of Congress Classification | Kabarak, Main Campus | Kabarak, Main Campus | 17/12/2015 | P94.5 .W65G46 | 003882 | 17/12/2015 | 17/12/2015 | Africana Collection |